000 01274pam a2200385 i 4500
001 768714001
003 CO-MdFUSB
005 20210429124541.0
007 ta
008 970804t19841984mnu b 000 0 eng
010 _a84020192
020 _a0814613888
040 _aDLC
_cCO-MdFUSB
_dCAP
_dCO-MdFUSB
_dUtOrBLW
_bspa
_erda
041 _aeng
082 _223
_a255.106
_bD515
090 _aBX3004.Z5
100 1 _aDe Waal, Esther.
_eautor
245 1 0 _aSeeking God :
_bthe way of St. Benedict
_c/ Esther de Waal
264 1 _aCollegeville, Minn. :
_bLiturgical Press,
_c[1984]
264 4 _c© 1984.
300 _a160 páginas ;
_c20 cm.
336 _atexto
_btxt
_2rdacontent.
337 _asin mediación
_bn
_2rdamedia.
338 _avolumen
_bnc
_2rdacarrier.
504 _aIncluye referencias bibliográficas.
505 _aSan Benito - La invitación - Escuchar - Estabilidad - Cambio - Equilibrio - Cosas materiales - Gente - Autoridad - Orar.
563 _aRústico
600 0 0 _aBenedict,
_cSaint, Abbot of Monte Cassino.
_tRegula.
653 _aMonasticismo y órdenes religiosas - Reglas.
653 _aOrdenes religiosas -- Benedictinos.
942 _cBK
945 _aJTF-925
999 _c66446
_d66446